Dos ensayos sobre la educación

Saved in:
Bibliografiske detaljer
Hovedforfatter: Montaigne, Michel de (autor)
Andre forfattere: Melo, Jorge Orlando (autor)
Format: Bog
Sprog:spansk
Udgivet: Medellín Fondo Editorial Universidad EAFIT 2008
Udgivelse:1a. ed
Serier:Rescates
Fag:
Tags: Tilføj Tag
Ingen Tags, Vær først til at tagge denne postø!

MARC

LEADER 00000cam a2200000 a 4500
001 UCE3831
003 CL-VaPUC
008 140925e20080600ck |||||||||||||||||spa|d
020 |a 9789588281995 
082 0 4 |a 370.1  |b MON  |2 21 
100 |a Montaigne, Michel de  |e autor  |9 346836 
700 |a Melo, Jorge Orlando  |e autor  |9 600454 
245 1 0 |a Dos ensayos sobre la educación 
250 |a 1a. ed 
300 |a 133 p 
942 |c BK 
945 |d 20140925 17:45:00  |a arojas 
260 |a Medellín  |b Fondo Editorial Universidad EAFIT  |c 2008 
650 0 |a Filosofía de la educación   |9 258384 
650 0 |a Sociología de la educación   |9 260380 
650 0 |a Pedagogía  |9 255351 
583 |a last modification  |c 20170821 04:06:04  |k Rodrigo Vera 
490 0 |a Rescates 
999 |c 356970  |d 356968 
952 |0 0  |1 0  |3 erb  |4 0  |6 370_100000000000000_MON_2008  |7 0  |8 A  |9 464764  |a BIBEDU  |b BIBEDU  |i 5115523  |o 370.1 MON 2008  |p 5115523  |r 2019-11-23  |w 2019-11-23  |y BK  |z Catalogado en:20140925  |k FIL